000 00447nam a2200181Ia 4500
001 16861
005 20260306170342.0
008 260306t2010||||xx |||||||||||||| ||und||
041 _aESP
082 _a657.174
_bZ28
100 _aZamorano García, Enrique
_eAUT
245 0 _aLa formación ética del contador público
260 _c2010
300 _a173 páginas :
_c22 cm.
650 _aGEN
654 _aCCO
942 _cLIB
_dJUS
_fJUS
_2ddc
_n
999 _c16861
_d16861